000
00263nam a22001097a 4500
008
170123b xxu||||| |||| 00| 0 eng d
020
_a
9780323074292
041
_a
eng
080
_2
10TH
_a
618.2
245
_a
MATERNITY & WOMEN'S HEALTH CARE
_c
PERRY
942
_2
udc
_c
BK
999
_c
3413
_d
3413